Cyrillic Languages - Sudden Death - Statistics

General Stats
  • This quiz has been taken 43 times
    42 since last reset
  • The average score is 9 of 17
Answers on the Grid
Answers color-coded by a green-red scale on the quiz's grid according to % correct below.
Belarusian
Russian
Bulgarian
Macedonian
Bosnian
Serbian
Montenegrin
Albanian
Ukranian
Kazakh
Kyrgyz
Mongolian
Turkmen
Tajik
Uzbek
Abkhaz
Dungan
Rusyn
Croatian
Polish
Estonian
Latvian
Lithuanian
Romanian
Georgian
Armenian
Slovakian
Czech
Urdu
Hindi
Pashto
Swedish
 
Answer Stats
Answer % Correct
Ukranian
76%
Russian
73%
Tajik
67%
Belarusian
64%
Bulgarian
64%
Kazakh
61%
Kyrgyz
61%
Serbian
61%
Abkhaz
55%
Uzbek
55%
Macedonian
52%
Mongolian
48%
Turkmen
48%
Montenegrin
45%
Rusyn
45%
Bosnian
39%
Dungan
27%
No matching quizzes found
Score Distribution
Percent of People with Each Score
Percentile by Number Answered
Your Score History
You have not taken this quiz since the last reset